00502nam a2200169 a 4500001001300000003000900013005001700022008004100039020001000080082001500090245009300105260004200198300000800240500003500248650002200283710002700305nice12345678IN_TiNIC20260116015318.0070914s1971 ghaa grp 000 0 eng  ac10000a269.2bAFR aChristian Witness Among Muslimb A Hand Book Written Especially for Christians of Africa aGhana bAfrica Christian Press c1971 a96p aincludes index and biblioraphy aEvangelistic Work2 aAfrica Christian Press